Entry Nombre personal
001 - NÚMERO DE CONTROL
- campo de control: 35428
003 - IDENTIFICADOR DE NÚMERO DE CONTROL
- campo de control: SpMaBN
005 - FECHA Y HORA DE LA ÚLTIMA TRANSACCIÓN
- campo de control: 20240508210605.0
008 - ELEMENTOS DE DATO DE LONGITUD-FIJA
- campo de control de longitud fija: 900725nn ainnnaabn n aaa
016 ## - NÚMERO DE CONTROL DE UNA AGENCIA BIBLIOGRÁFICA NACIONAL
- Número de control del registro: BNE19974321167
040 ## - FUENTE DE CATALOGACIÓN
- Centro catalogador/agencia de origen: SpMaBN
- Lengua de catalogación: spa
- Centro/agencia transcriptor: SpMaBN
- Normas de descripción: rdc
- Convención/Normas de encabezamiento de materia/tesauro: embne
046 ## - FECHAS CON CODIFICACIÓN ESPECIAL
- Fecha de nacimiento: 1870~
- Fecha de la muerte: 1936
- Fuente del esquema de fecha: edtf
100 1# - ENCABEZAMIENTO-NOMBRE DE PERSONA
- Nombre de persona: Carpena, Fructuoso,
- Fechas asociadas al nombre: ca. 1870 -1936
370 ## - LUGAR ASOCIADO
- Lugar de nacimiento: España, Castilla-La Mancha, Albacete (Provincia), Hellín
375 ## - GÉNERO/SEXO
- Género: Masculino
670 ## - FUENTE DE DATOS ENCONTRADOS
- Cita de la fuente: Antropología criminal, 1909
- Información encontrada: port. (Fructuoso Carpena)
670 ## - FUENTE DE DATOS ENCONTRADOS
- Cita de la fuente: WWW Diccionario Biográfico RAH, 26-1-2021
- Información encontrada: (Carpena Pellicer, Fructuoso (Hellín, c. 1870 – ?, 1936 post). Antropólogo criminalista, dramaturgo)
- Identificador Uniforme de Recursos: http://dbe.rah.es/biografias/48113/fructuoso-carpena-pellicer
